00681nam a2200193 i 4500003000900000005001700009007000300026008004100029040003000070082001800100110009000118245008200208264005700290300002600347336002700373337003400400338002800434504002500462DO-SdBNP20230817152236.0ta110413s1988 dr 000 0 spa d aDO-SdBNPbspacBNPHUerda axxxbG892222 aGrupo de Investigación bInstituto de Ciencias Políticas bUniversidad Heidelberg13aEl sistema electoral del Uruguay :bcaracterística, evolución y efectos / aSanto Domingo :bFundación Friedrich Ebert,c1988. a16 páginas c23 cm. 2rdacontentatextobtxt 2rdamediaasin mediación bn 2rdacarrieravolumenbnc aBibliografía p: 17